[Event "Luxembourg-chT 1213"]
[Site "Luxembourg"]
[Date "2013.05.10"]
[Round "9"]
[White "Chalabi, Max"]
[Black "Boukrate, Azeddine"]
[Result "0-1"]
[WhiteElo "1670"]
[BlackElo "1824"]
[PlyCount "76"]
[EventDate "2012.10.??"]
[EventType "team-tourn"]
[EventRounds "10"]
[EventCountry "LUX"]
[SourceTitle "EXT 2017"]
[Source "ChessBase"]
[SourceDate "2016.10.25"]
[SourceVersion "1"]
[SourceVersionDate "2016.10.25"]
[SourceQuality "1"]

1. e4 c5 2. d4 cxd4 3. Nf3 Nc6 4. c3 d3 5. Bxd3 d6 6. Bc4 e6 7. 0-0 Nf6 8. Qe2 Be7 9. Rd1 Qc7 10. Na3 a6 11. Bf4 e5 12. Be3 0-0 13. Bg5 h6 14. Bxf6 Bxf6 15. Rd2 Bg4 16. h3 Bh5 17. g4 Bg6 18. b4 b5 19. Bb3 Rad8 20. Rad1 Rfe8 21. Kg2 Rd7 22. c4 Nd4 23. Nxd4 exd4 24. f3 bxc4 25. Qxc4 Qb6 26. Nc2 d5 27. Qc5 Qb8 28. exd5 Qf4 29. Nxd4 Bh4 30. Ne2 Rxe2+ 31. Rxe2 Qg3+ 32. Kf1 Qxf3+ 33. Rf2 Qxh3+ 34. Rg2 Qh1+ 35. Qg1 Qh3 36. Qd4 Re7 37. d6 Re4 38. Qd5 Qh1+ 0-1

[Event "Luxembourg-chT 1213"]
[Site "Luxembourg"]
[Date "2012.10.??"]
[Round "1"]
[White "Mauquoi, Rudi"]
[Black "Chalabi, Max"]
[Result "1/2-1/2"]
[WhiteElo "2031"]
[BlackElo "1670"]
[PlyCount "122"]
[EventDate "2012.10.??"]
[EventType "team-tourn"]
[EventRounds "10"]
[EventCountry "LUX"]
[SourceTitle "EXT 2017"]
[Source "ChessBase"]
[SourceDate "2016.10.25"]
[SourceVersion "1"]
[SourceVersionDate "2016.10.25"]
[SourceQuality "1"]

1. e4 e5 2. d4 exd4 3. Qxd4 Nc6 4. Qe3 b6 5. Nc3 Bc5 6. Qg3 Nf6 7. Bd2 d6 8. Bb5 Bd7 9. 0-0-0 0-0 10. Nh3 Re8 11. Bg5 a6 12. Bd3 Nb4 13. Nf4 Bc6 14. a3 Nxd3+ 15. cxd3 Bd4 16. Nce2 Be5 17. f3 Qd7 18. d4 Nh5 19. Qh4 Bxf4+ 20. Nxf4 Nxf4 21. Bxf4 Ba4 22. Rd3 d5 23. Re1 dxe4 24. fxe4 Bb5 25. Rh3 Qc6+ 26. Kd2 Qg6 27. Rg3 Qc6 28. Qg5 g6 29. Be5 Rad8 30. d5 h6 31. Qf4 g5 32. Qf5 Qe6 33. Qxe6 fxe6 34. Bxc7 Rd7 35. d6 Rc8 36. Rc1 Kf7 37. e5 Kg6 38. Rf3 Rf7 39. Rxf7 Kxf7 40. Rc3 Rf8 41. Bxb6 Kg6 42. Rc7 Rf7 43. Rc8 Kf5 44. Rc7 Rxc7 45. dxc7 Bd7 46. Bd4 Ke4 47. Kc3 Kd5 48. Kd3 Kc6 49. Be3 Kxc7 50. Kc4 Bc6 51. g3 Bd5+ 52. Kc5 Bb3 53. Bd2 Bd5 54. Ba5+ Kb7 55. Bd8 g4 56. b4 Kc8 57. Be7 Kd7 58. Bd6 h5 59. Kb6 Bc4 60. a4 Kc8 61. Kc6 Bd5+ 1/2-1/2

[Event "EU-ch U16"]
[Site "Prague"]
[Date "2012.08.22"]
[Round "6"]
[White "Thorpe, Thomas"]
[Black "Chalabi, Max"]
[Result "1-0"]
[WhiteElo "1829"]
[BlackElo "1680"]
[PlyCount "113"]
[EventDate "2012.08.17"]
[EventType "swiss"]
[EventRounds "9"]
[EventCountry "CZE"]
[SourceTitle "CBM 150 Extra"]
[Source "ChessBase"]
[SourceDate "2012.10.19"]
[SourceVersion "1"]
[SourceVersionDate "2012.10.19"]
[SourceQuality "1"]

1. e4 e5 2. Nf3 Nf6 3. Nxe5 d6 4. Nf3 Nxe4 5. c4 Bg4 6. Nc3 Qe7 7. Nd5 Qe5 8. Nxe5 Bxd1 9. Nxc7+ Kd8 10. Nxa8 dxe5 11. f3 Bc5 12. fxe4 Bc2 13. d3 Nc6 14. Bd2 Nb4 15. Bxb4 Bxb4+ 16. Kf2 Bc5+ 17. Kf3 Bd4 18. Rc1 Ba4 19. b4 Kd7 20. b5 Rxa8 21. Be2 a6 22. b6 Rc8 23. Kg3 Kc6 24. Bd1 Bxd1 25. Rcxd1 Bxb6 26. Rhf1 f6 27. Kg4 Be3 28. Rf3 Bc5 29. Rh3 h6 30. Kf5 Rc7 31. Rb1 b6 32. a4 a5 33. Kg6 Rd7 34. Rb3 Kd6 35. Rg3 Ke6 36. Kh7 g5+ 37. Kg6 h5 38. Rf3 Rf7 39. Kxh5 Rh7+ 40. Kg6 Rxh2 41. Rxf6+ Ke7 42. Rb2 Kd7 43. Rf5 Bd4 44. Ra2 g4 45. Rg5 Rh8 46. Kg7 Rh4 47. g3 Rh1 48. Rxg4 Rd1 49. Rh2 Rxd3 50. Rg6 Bc5 51. Kh8 Bd6 52. Rhh6 Kc6 53. Rxd6+ Rxd6 54. Rxd6+ Kxd6 55. g4 Ke6 56. g5 Kf7 57. Kh7 1-0

[Event "EU Union-ch op U14/16"]
[Site "Mureck"]
[Date "2011.08.03"]
[Round "1"]
[White "Chalabi, Max"]
[Black "Nussbaumer, Leon"]
[Result "1/2-1/2"]
[WhiteElo "1540"]
[BlackElo "1904"]
[PlyCount "80"]
[EventDate "2011.08.03"]
[EventType "swiss"]
[EventRounds "9"]
[EventCountry "AUT"]
[SourceTitle "CBM 144 Extra"]
[Source "ChessBase"]
[SourceDate "2011.10.28"]
[SourceVersion "1"]
[SourceVersionDate "2011.10.28"]
[SourceQuality "1"]

1. e4 c5 2. d4 cxd4 3. Nf3 e5 4. Bc4 Be7 5. c3 dxc3 6. Qd5 Qb6 7. Qxf7+ Kd8 8. Nxc3 Qf6 9. Ng5 Nh6 10. Qh5 Rf8 11. Rf1 Qg6 12. Qxg6 hxg6 13. Nd5 Nc6 14. Nxe7 Kxe7 15. f4 d6 16. h3 Nd4 17. Kd1 Bd7 18. Be3 Ne6 19. Nxe6 Bxe6 20. Bxe6 Kxe6 21. Ke2 Rac8 22. Rac1 Rxc1 23. Bxc1 Rc8 24. Kd3 Nf7 25. Be3 b6 26. g4 Rh8 27. Rf3 exf4 28. Bxf4 g5 29. Bh2 Nh6 30. Bg1 Nf7 31. Bd4 Ne5+ 32. Bxe5 dxe5 33. b4 a6 34. a4 Rd8+ 35. Kc3 Rd4 36. Re3 Kd6 37. Rd3 Rxd3+ 38. Kxd3 b5 39. a5 Kc6 40. Kc3 Kd6 1/2-1/2

[Event "EU Union-ch U14 8th"]
[Site "Mureck"]
[Date "2010.08.09"]
[Round "6"]
[White "Bowler, James"]
[Black "Chalabi, Max"]
[Result "1-0"]
[WhiteElo "1685"]
[BlackElo "1509"]
[PlyCount "107"]
[EventDate "2010.08.04"]
[EventType "swiss"]
[EventRounds "9"]
[EventCountry "AUT"]
[SourceTitle "CBM 138 Extra"]
[Source "ChessBase"]
[SourceDate "2010.10.29"]
[SourceVersion "1"]
[SourceVersionDate "2010.10.29"]
[SourceQuality "1"]

1. e4 e5 2. Nc3 Nf6 3. f4 d5 4. fxe5 Nxe4 5. Nf3 Be7 6. Qe2 Nxc3 7. dxc3 c5 8. Bf4 Be6 9. 0-0-0 Nc6 10. Qf2 Qa5 11. Kb1 d4 12. c4 b5 13. Nd2 Qa4 14. Qf3 bxc4 15. Bxc4 Bxc4 16. Nxc4 0-0 17. Qb3 Qxb3 18. axb3 f6 19. e6 g5 20. Bd6 Bxd6 21. Nxd6 Ne5 22. e7 Rfe8 23. Nxe8 Rxe8 24. b4 Ng4 25. Rhe1 Ne3 26. Rd2 cxb4 27. Rxd4 Nxg2 28. Ree4 Kf7 29. Rxb4 Rxe7 30. Rxe7+ Kxe7 31. Rb7+ Ke6 32. Rxa7 h5 33. c4 f5 34. Ra6+ Ke5 35. Ra5+ Ke4 36. c5 f4 37. b4 f3 38. Ra2 Nf4 39. b5 Ne2 40. Kb2 f2 41. Ra1 Nd4 42. b6 Kf3 43. b7 Nc6 44. Ka3 Kg2 45. Ka4 f1Q 46. Rxf1 Kxf1 47. Kb5 Nb8 48. c6 h4 49. c7 Nd7 50. c8Q g4 51. Qxd7 g3 52. hxg3 hxg3 53. Qh3+ g2 54. b8Q 1-0

[Event "EU Union-ch U14 8th"]
[Site "Mureck"]
[Date "2010.08.07"]
[Round "4"]
[White "Chalabi, Max"]
[Black "Frank, Emanuel"]
[Result "1/2-1/2"]
[WhiteElo "1509"]
[BlackElo "1962"]
[PlyCount "101"]
[EventDate "2010.08.04"]
[EventType "swiss"]
[EventRounds "9"]
[EventCountry "AUT"]
[SourceTitle "CBM 138 Extra"]
[Source "ChessBase"]
[SourceDate "2010.10.29"]
[SourceVersion "1"]
[SourceVersionDate "2010.10.29"]
[SourceQuality "1"]

1. e4 e5 2. Nf3 Nc6 3. Bc4 Nf6 4. Ng5 d5 5. exd5 Na5 6. Bb5+ Bd7 7. Qe2 Bd6 8. b4 Bxb4 9. Qxe5+ Be7 10. Bxd7+ Qxd7 11. Ba3 Nc4 12. Qxe7+ Qxe7+ 13. Bxe7 Kxe7 14. Nc3 h6 15. Nf3 Rad8 16. d3 Nb6 17. Kd2 Nfxd5 18. Rhe1+ Kf8 19. Nxd5 Nxd5 20. Rab1 Nb6 21. Ne5 g6 22. a4 Rd5 23. Rb5 Kg7 24. Rxd5 Nxd5 25. Rb1 Re8 26. Nc4 b6 27. a5 Nf4 28. Ne3 Kf6 29. g3 Ne6 30. Nd5+ Ke5 31. Nf4 Kd6 32. axb6 cxb6 33. Re1 Re7 34. Nxe6 Rxe6 35. Rxe6+ fxe6 36. Kc3 a5 37. f4 h5 38. Kb3 Kc5 39. c3 b5 40. h3 Kd5 41. h4 Kc5 42. Ka3 b4+ 43. cxb4+ axb4+ 44. Kb3 Kd4 45. Kxb4 Kxd3 46. Kc5 Ke4 47. Kd6 Kf3 48. Kxe6 Kxg3 49. f5 gxf5 50. Kxf5 Kxh4 51. Kf4 1/2-1/2

[Event "EU Union-ch U14 8th"]
[Site "Mureck"]
[Date "2010.08.04"]
[Round "1"]
[White "Chalabi, Max"]
[Black "Szente Varga, Fruzsina"]
[Result "0-1"]
[WhiteElo "1509"]
[BlackElo "1938"]
[PlyCount "74"]
[EventDate "2010.08.04"]
[EventType "swiss"]
[EventRounds "9"]
[EventCountry "AUT"]
[SourceTitle "CBM 138 Extra"]
[Source "ChessBase"]
[SourceDate "2010.10.29"]
[SourceVersion "1"]
[SourceVersionDate "2010.10.29"]
[SourceQuality "1"]

1. e4 c5 2. d4 cxd4 3. c3 dxc3 4. Nxc3 e6 5. Nf3 a6 6. Bc4 b5 7. Bb3 Bb7 8. 0-0 d6 9. Qe2 Nd7 10. Bf4 Be7 11. Rfd1 Nb6 12. Nxb5 axb5 13. Qxb5+ Kf8 14. Be3 Bxe4 15. Bxb6 Qb8 16. Ba4 Bxf3 17. gxf3 Rxa4 18. Qxa4 Qxb6 19. Qa8+ Bd8 20. Rac1 Ne7 21. a4 g6 22. a5 Qxa5 23. Qxa5 Bxa5 24. Rxd6 Kg7 25. Ra6 Bd2 26. Rc2 Bf4 27. b4 Nd5 28. Rb2 Be5 29. Rb1 Rb8 30. b5 Nc3 31. Rb3 Nxb5 32. Ra5 Nd4 33. Rd3 Rb1+ 34. Kg2 Ne2 35. Re3 Rg1+ 36. Kh3 Nf4+ 37. Kh4 Bf6+ 0-1

[Event "Fourmies op 34th"]
[Site "Fourmies"]
[Date "2010.05.23"]
[Round "4"]
[White "Chalabi, Max"]
[Black "Wallerand, Konrad"]
[Result "1-0"]
[WhiteElo "1465"]
[BlackElo "1991"]
[PlyCount "93"]
[EventDate "2010.05.22"]
[EventType "swiss"]
[EventRounds "7"]
[EventCountry "FRA"]
[SourceTitle "CBM 136 Extra"]
[Source "ChessBase"]
[SourceDate "2010.07.02"]
[SourceVersion "2"]
[SourceVersionDate "2010.07.15"]
[SourceQuality "1"]

1. e4 e5 2. Nf3 f5 3. exf5 Bc5 4. d4 exd4 5. Nxd4 Nf6 6. Nc3 0-0 7. Be2 d5 8. Bg5 Nc6 9. Ne6 Bxe6 10. fxe6 Bxf2+ 11. Kxf2 Ne4+ 12. Ke1 Qxg5 13. Qxd5 Qh4+ 14. g3 Nxc3 15. e7+ Rf7 16. Qxf7+ Kxf7 17. gxh4 Nxe2 18. Kxe2 Kxe7 19. a3 Nd4+ 20. Kd3 Nf5 21. Rae1+ Kd6 22. Re4 Rd8 23. Kc3 Kc6 24. Rf1 g6 25. h5 Rd5 26. hxg6 Rc5+ 27. Kb3 hxg6 28. Re6+ Kd5 29. Rxg6 Nd4+ 30. Ka2 Rxc2 31. h4 Rh2 32. Rh6 c5 33. Rh8 c4 34. Kb1 Nb3 35. Rd1+ Ke4 36. h5 Nd2+ 37. Kc2 c3 38. bxc3 Nc4+ 39. Kb3 b5 40. Rd4+ Ke3 41. Rxc4 bxc4+ 42. Kxc4 Kd2 43. h6 Rh3 44. h7 Rxc3+ 45. Kb4 a5+ 46. Kxa5 Rxa3+ 47. Kb4 1-0